000 01861nam a2200337 a 4500
001 0000428
003 DO-SdBNP
005 20240829112154.0
007 0000428
008 091125s2011 sp a 000 0 spa d
020 _a9789972209338
040 _aBPMSU
_bspa
_cBPMSU
082 4 _a372.5
_bJ93f 2011
_222
245 1 0 _a Jugando con el Fomi /
_c dirección editorial, Diana E. Oliveros
260 _aBarcelona :
_bLexus Ediores,
_c2011
300 _a200 p. :
_bil. ;
_c29 cm.
520 _aEsta obra ofrece muchas ideas y trucos para desarrollar al máximo la imaginación. Páginas con técnicas que serán de gran ayuda al elaborar tus manualidades. Y novedosos diseños infantiles para toda ocasión, todo apoyado por bellas ilustraciones y fotografías que detallan paso a paso la creación de los trabajos. Incluye también las fotografías de los materiales que se han de usar para cada proyecto. Descubre de la manera más divertida las diversas manualidades que puedes realizar con este material. Una obra que te enseñará a elaborar bellos diseños con numerosas propuestas para toda ocasión, acompañadas de explicaciones claras y sencillas. ¿Sabías cuantos cosas puedes hacer con el Fomi?. Ideal para maestros y familias que se interesen en la creatividad con fomi.
590 _aInventariado, 2024/VM
650 4 _a Educación Primaria
650 4 _aTrabajos manuales (Educación)
650 4 _aEnseñanza-Aprendizaje
700 1 _aOliveros, Diana E.
_edirección editorial
700 1 _aÁvila Arevalo, Lyda
_eilustraciones
700 1 _aBuitrago, Alberto
_eilustraciones
700 1 _aLópez, Ana María
_eilustraciones
700 1 _aRodríguez, Andrés
_eilustraciones
700 1 _aGuzmán, Enriquez
_efotografía
710 2 _aContinente Editories
910 _a VMateo V. Control de calidad. BPMSU
942 _2ddc
_cBK
999 _c14790
_d14790